Kar̲utta dēvata. (Record no. 80311)

MARC details
000 -LEADER
fixed length control field 00525cam a22002051 4500
001 - CONTROL NUMBER
control field sa 68004743
003 - CONTROL NUMBER IDENTIFIER
control field DLC
005 - DATE AND TIME OF LATEST TRANSACTION
control field 20260227112503.0
008 - FIXED-LENGTH DATA ELEMENTS--GENERAL INFORMATION
fixed length control field 891013s1967 ii 000 0 malo
010 ## - LIBRARY OF CONGRESS CONTROL NUMBER
LC control number sa 68004743
035 ## - SYSTEM CONTROL NUMBER
System control number (OCoLC)20485347
040 ## - CATALOGING SOURCE
Original cataloging agency DLC
Transcribing agency WaU
Modifying agency DLC
042 ## - AUTHENTICATION CODE
Authentication code premarc
050 00 - LIBRARY OF CONGRESS CALL NUMBER
Classification number PL4718.9.K344
Item number K3
100 1# - MAIN ENTRY--PERSONAL NAME
Personal name Karthikeyan, Alleppey.
245 10 - TITLE STATEMENT
Title Kar̲utta dēvata.
260 ## - PUBLICATION, DISTRIBUTION, ETC.
Place of publication, distribution, etc. [Ernakulam,
Name of publisher, distributor, etc. Chandralekha Publications,
Date of publication, distribution, etc. 1967]
300 ## - PHYSICAL DESCRIPTION
Extent 278 p.
Dimensions 18 cm.
500 ## - GENERAL NOTE
General note In Malayalam.

No items available.

Powered by Koha